[Event "Girls U14 Polish Youth Championship"]
[Site "chess24.com"]
[Date "2018.04.29"]
[Round "1"]
[White "Kieca, Aleksandra"]
[Black "Wikar, Martyna"]
[Result "0-1"]
[Board "1"]
[WhiteElo "1427"]
[WhiteCountry "POL"]
[WhiteFideId "21826102"]
[WhiteEloChange "-2"]
[BlackElo "2029"]
[BlackCountry "POL"]
[BlackFideId "21807663"]
[BlackEloChange "2"]

1. e4 {[%clk 1:30:52]} c5 {[%clk 1:30:53]} 2. Nf3 {[%clk 1:31:07]} d6 {[%clk
1:31:08]} 3. d4 {[%clk 1:30:58]} cxd4 {[%clk 1:31:29]} 4. Nxd4 {[%clk 1:31:07]}
Nf6 {[%clk 1:31:46]} 5. Nc3 {[%clk 1:30:51]} a6 {[%clk 1:31:56]} 6. Be3 {[%clk
1:26:30]} e5 {[%clk 1:29:46]} 7. Nb3 {[%clk 1:26:03]} Be7 {[%clk 1:29:12]} 8. Be2
{[%clk 1:19:09]} Be6 {[%clk 1:28:32]} 9. O-O {[%clk 1:09:38]} O-O {[%clk
1:23:41]} 10. Bf3 {[%clk 0:58:58]} Nbd7 {[%clk 1:22:23]} 11. Qe2 {[%clk 0:50:46]}
b5 {[%clk 1:21:09]} 12. Rfd1 {[%clk 0:37:42]} Rc8 {[%clk 1:20:18]} 13. a3 {[%clk
0:33:40]} Qc7 {[%clk 1:18:21]} 14. Rac1 {[%clk 0:32:57]} Rfd8 {[%clk 1:16:44]}
15. h3 {[%clk 0:29:13]} Bc4 {[%clk 1:15:07]} 16. Qe1 {[%clk 0:28:37]} Rb8 {[%clk
0:55:24]} 17. g3 {[%clk 0:18:52]} Nc5 {[%clk 0:54:39]} 18. Nxc5 {[%clk 0:17:26]}
dxc5 {[%clk 0:54:59]} 19. Rd2 {[%clk 0:07:39]} Rxd2 {[%clk 0:54:25]} 20. Bxd2
{[%clk 0:07:52]} b4 {[%clk 0:46:18]} 21. axb4 {[%clk 0:07:49]} cxb4 {[%clk
0:46:27]} 22. Ne2 {[%clk 0:06:18]} Qc6 {[%clk 0:40:16]} 23. g4 {[%clk 0:04:43]}
a5 {[%clk 0:32:57]} 24. Ng3 {[%clk 0:04:37]} Rd8 {[%clk 0:32:06]} 25. Nf5 {[%clk
0:04:36]} Bf8 {[%clk 0:28:54]} 26. Bg2 {[%clk 0:03:41]} Ne8 {[%clk 0:23:29]} 27.
Ne3 {[%clk 0:02:25]} Be6 {[%clk 0:20:36]} 28. Ra1 {[%clk 0:02:38]} Qb5 {[%clk
0:19:56]} 29. Bf1 {[%clk 0:02:29]} Qc5 {[%clk 0:19:12]} 30. Bg2 {[%clk 0:02:01]}
Nd6 {[%clk 0:18:16]} 31. Qc1 {[%clk 0:01:39]} Rc8 {[%clk 0:13:33]} 32. Be1 {[%clk
0:01:00]} Qb6 {[%clk 0:12:16]} 33. Nd1 {[%clk 0:00:46]} Nb5 {[%clk 0:12:13]} 34.
Ne3 {[%clk 0:00:49]} Nd4 {[%clk 0:12:19]} 35. Qd2 {[%clk 0:00:47]} Qc5 {[%clk
0:12:16]} 36. Rc1 {[%clk 0:00:47]} Nb3 {[%clk 0:12:22]} 37. Qd1 {[%clk 0:00:34]}
Nxc1 {[%clk 0:12:42]} 38. Qxc1 {[%clk 0:01:01]} a4 {[%clk 0:12:27]} 39. Qa1
{[%clk 0:01:11]} Ra8 {[%clk 0:12:30]} 40. c3 {[%clk 0:00:41]} b3 {[%clk 0:12:40]}
41. Nd5 {[%clk 0:00:43]} a3 {[%clk 0:12:44]} 42. bxa3 {[%clk 0:00:32]} Qxa3
{[%clk 0:12:59]} 43. Qd1 {[%clk 0:00:31]} b2 {[%clk 0:12:46]} 44. Nc7 {[%clk
0:00:32]} Qa1 {[%clk 0:12:49]} 0-1

[Event "Girls U14 Polish Youth Championship"]
[Site "chess24.com"]
[Date "2018.04.29"]
[Round "1"]
[White "Dylag, Emilia"]
[Black "Sokol, Maria"]
[Result "1-0"]
[Board "2"]
[WhiteElo "1871"]
[WhiteCountry "POL"]
[WhiteFideId "21805172"]
[WhiteEloChange "2"]
[BlackElo "1401"]
[BlackCountry "POL"]
[BlackFideId "21823383"]
[BlackEloChange "-2"]

1. d4 {[%clk 1:30:52]} d5 {[%clk 1:30:51]} 2. c4 {[%clk 1:31:03]} e6 {[%clk
1:31:02]} 3. Nc3 {[%clk 1:31:11]} Nf6 {[%clk 1:30:50]} 4. cxd5 {[%clk 1:31:24]}
exd5 {[%clk 1:30:57]} 5. Bg5 {[%clk 1:31:25]} Be7 {[%clk 1:30:21]} 6. e3 {[%clk
1:31:16]} Be6 {[%clk 1:29:02]} 7. Nf3 {[%clk 1:29:43]} Nbd7 {[%clk 1:27:25]} 8.
Bd3 {[%clk 1:26:56]} h6 {[%clk 1:25:01]} 9. Bf4 {[%clk 1:23:46]} a6 {[%clk
1:18:46]} 10. h3 {[%clk 1:23:17]} Rc8 {[%clk 1:18:07]} 11. Rc1 {[%clk 1:20:39]}
c5 {[%clk 1:11:37]} 12. O-O {[%clk 1:17:44]} O-O {[%clk 1:10:10]} 13. Bb1 {[%clk
1:16:16]} b5 {[%clk 1:06:08]} 14. Ne5 {[%clk 1:08:20]} c4 {[%clk 1:03:29]} 15.
Qc2 {[%clk 1:06:36]} b4 {[%clk 0:56:05]} 16. Ne2 {[%clk 1:04:20]} Qb6 {[%clk
0:50:33]} 17. Ng3 {[%clk 1:01:54]} Rfe8 {[%clk 0:49:01]} 18. Nh5 {[%clk 0:58:35]}
Nf8 {[%clk 0:47:46]} 19. Qe2 {[%clk 0:47:55]} a5 {[%clk 0:44:04]} 20. Bg3 {[%clk
0:42:59]} a4 {[%clk 0:42:31]} 21. f4 {[%clk 0:40:25]} c3 {[%clk 0:40:52]} 22.
bxc3 {[%clk 0:34:43]} bxc3 {[%clk 0:41:06]} 23. Nxf6+ {[%clk 0:26:53]} Bxf6
{[%clk 0:41:21]} 24. Qd3 {[%clk 0:21:29]} Qb2 {[%clk 0:36:03]} 25. Qd1 {[%clk
0:16:50]} Bxe5 {[%clk 0:35:14]} 26. fxe5 {[%clk 0:16:16]} Qb5 {[%clk 0:27:16]}
27. Be1 {[%clk 0:12:52]} Qd7 {[%clk 0:23:53]} 28. Rxc3 {[%clk 0:12:36]} Rxc3
{[%clk 0:23:51]} 29. Bxc3 {[%clk 0:13:00]} Rc8 {[%clk 0:20:51]} 30. Bb4 {[%clk
0:13:04]} Rb8 {[%clk 0:20:05]} 31. a3 {[%clk 0:13:07]} Nh7 {[%clk 0:19:04]} 32.
Bc2 {[%clk 0:13:17]} Ra8 {[%clk 0:18:50]} 33. Qd2 {[%clk 0:10:20]} g6 {[%clk
0:16:31]} 34. h4 {[%clk 0:08:59]} Kg7 {[%clk 0:15:53]} 35. Bd6 {[%clk 0:07:58]}
Qd8 {[%clk 0:14:42]} 36. Qf2 {[%clk 0:07:43]} Qd7 {[%clk 0:15:00]} 37. Bd3 {[%clk
0:07:00]} Rc8 {[%clk 0:13:45]} 38. Bb4 {[%clk 0:07:21]} Ra8 {[%clk 0:13:26]} 39.
Bc5 {[%clk 0:04:12]} Rb8 {[%clk 0:13:26]} 40. Bb4 {[%clk 0:04:07]} Ra8 {[%clk
0:13:46]} 41. e4 {[%clk 0:04:22]} Qb7 {[%clk 0:12:34]} 42. exd5 {[%clk 0:04:30]}
Bxd5 {[%clk 0:11:19]} 43. h5 {[%clk 0:03:21]} Be4 {[%clk 0:11:21]} 44. Bxe4
{[%clk 0:03:39]} Qxe4 {[%clk 0:11:40]} 45. Qxf7+ {[%clk 0:04:00]} Kh8 {[%clk
0:12:06]} 46. Qf4 {[%clk 0:01:07]} Qxf4 {[%clk 0:12:12]} 47. Rxf4 {[%clk
0:01:34]} g5 {[%clk 0:12:22]} 48. Rf7 {[%clk 0:01:00]} Kg8 {[%clk 0:12:28]} 49.
Rd7 {[%clk 0:01:17]} Nf8 {[%clk 0:12:51]} 50. Bxf8 {[%clk 0:01:07]} Kxf8 {[%clk
0:13:15]} 51. e6 {[%clk 0:01:06]} Ra6 {[%clk 0:13:17]} 52. d5 {[%clk 0:01:28]}
Rb6 {[%clk 0:13:34]} 53. d6 {[%clk 0:00:57]} Rb1+ {[%clk 0:13:39]} 54. Kf2 {[%clk
0:01:02]} Rb8 {[%clk 0:13:38]} 55. Rh7 {[%clk 0:00:50]} Kg8 {[%clk 0:14:04]} 56.
Rxh6 {[%clk 0:01:12]} Rb2+ {[%clk 0:14:22]} 57. Kf3 {[%clk 0:01:36]} Rb3+ {[%clk
0:14:49]} 58. Ke4 {[%clk 0:01:55]} Rxa3 {[%clk 0:15:13]} 59. d7 {[%clk 0:02:19]}
1-0

[Event "Girls U14 Polish Youth Championship"]
[Site "chess24.com"]
[Date "2018.04.29"]
[Round "1"]
[White "Mysliwiec, Natalia"]
[Black "Czarnecka, Lidia"]
[Result "1/2-1/2"]
[Board "3"]
[WhiteElo "1391"]
[WhiteCountry "POL"]
[WhiteFideId "21831262"]
[WhiteEloChange "8"]
[BlackElo "1809"]
[BlackCountry "POL"]
[BlackFideId "21807531"]
[BlackEloChange "-8"]

1. d4 {[%clk 1:30:57]} d5 {[%clk 1:30:32]} 2. Bf4 {[%clk 1:31:19]} Nf6 {[%clk
1:29:40]} 3. Nf3 {[%clk 1:31:34]} c5 {[%clk 1:28:45]} 4. c3 {[%clk 1:31:24]} Qb6
{[%clk 1:21:01]} 5. Qc2 {[%clk 1:24:40]} Nc6 {[%clk 1:13:21]} 6. dxc5 {[%clk
1:13:55]} Qxc5 {[%clk 1:13:19]} 7. e3 {[%clk 1:10:29]} g6 {[%clk 1:12:20]} 8. Bd3
{[%clk 1:06:32]} Bg7 {[%clk 1:12:06]} 9. h3 {[%clk 1:01:33]} Bd7 {[%clk 1:07:33]}
10. Nbd2 {[%clk 1:00:41]} Rc8 {[%clk 1:03:55]} 11. Rc1 {[%clk 0:56:55]} O-O
{[%clk 0:57:24]} 12. O-O {[%clk 0:55:31]} Nh5 {[%clk 0:51:50]} 13. Bh2 {[%clk
0:54:24]} Qb6 {[%clk 0:36:51]} 14. Qb3 {[%clk 0:51:51]} Qxb3 {[%clk 0:28:53]} 15.
Nxb3 {[%clk 0:51:21]} b6 {[%clk 0:28:19]} 16. Ba6 {[%clk 0:48:03]} Rce8 {[%clk
0:27:01]} 17. Rcd1 {[%clk 0:47:06]} Nf6 {[%clk 0:26:29]} 18. Nbd4 {[%clk
0:45:55]} Nb8 {[%clk 0:18:19]} 19. Be2 {[%clk 0:38:41]} Rc8 {[%clk 0:16:06]} 20.
Ne5 {[%clk 0:36:57]} Rfd8 {[%clk 0:15:48]} 21. Nxd7 {[%clk 0:32:51]} Nfxd7 {[%clk
0:13:36]} 22. Nb5 {[%clk 0:31:57]} a6 {[%clk 0:10:31]} 23. Nc7 {[%clk 0:30:41]}
e6 {[%clk 0:07:55]} 24. Bxa6 {[%clk 0:23:09]} Nxa6 {[%clk 0:08:20]} 25. Nxa6
{[%clk 0:23:33]} Ra8 {[%clk 0:08:23]} 26. Nb4 {[%clk 0:23:54]} Bf8 {[%clk
0:07:44]} 27. a3 {[%clk 0:23:09]} Rac8 {[%clk 0:07:23]} 28. Na6 {[%clk 0:20:20]}
Be7 {[%clk 0:05:49]} 29. Rd2 {[%clk 0:19:11]} Nf6 {[%clk 0:05:59]} 30. Be5 {[%clk
0:15:23]} Ne4 {[%clk 0:05:57]} 31. Rd3 {[%clk 0:14:47]} Ra8 {[%clk 0:05:11]} 32.
Nc7 {[%clk 0:14:49]} Ra5 {[%clk 0:04:20]} 33. Ra1 {[%clk 0:13:13]} Nc5 {[%clk
0:04:21]} 34. Rdd1 {[%clk 0:11:56]} Nb3 {[%clk 0:04:41]} 35. Ra2 {[%clk 0:12:19]}
Rc8 {[%clk 0:04:49]} 36. a4 {[%clk 0:12:09]} Bc5 {[%clk 0:03:37]} 37. Nb5 {[%clk
0:11:06]} Rca8 {[%clk 0:03:40]} 38. Nd4 {[%clk 0:11:03]} Bxd4 {[%clk 0:03:31]}
39. Bxd4 {[%clk 0:11:32]} Rxa4 {[%clk 0:02:57]} 40. Rxa4 {[%clk 0:11:39]} Rxa4
{[%clk 0:02:57]} 41. Bxb6 {[%clk 0:11:36]} Kf8 {[%clk 0:03:01]} 42. f3 {[%clk
0:09:37]} Ke7 {[%clk 0:02:30]} 43. Re1 {[%clk 0:09:32]} Ra2 {[%clk 0:02:26]} 44.
Re2 {[%clk 0:09:44]} Ra6 {[%clk 0:02:03]} 45. Bd4 {[%clk 0:09:57]} Ra1+ {[%clk
0:02:12]} 46. Kf2 {[%clk 0:10:11]} Kd6 {[%clk 0:02:18]} 47. e4 {[%clk 0:10:02]}
e5 {[%clk 0:01:53]} 48. Bb6 {[%clk 0:10:14]} d4 {[%clk 0:01:03]} 49. cxd4 {[%clk
0:10:21]} exd4 {[%clk 0:01:29]} 50. Re1 {[%clk 0:08:43]} Ra2 {[%clk 0:01:46]} 51.
Rd1 {[%clk 0:08:29]} Rxb2+ {[%clk 0:01:50]} 52. Kg3 {[%clk 0:08:57]} Ke5 {[%clk
0:02:02]} 53. Bc7+ {[%clk 0:09:07]} Ke6 {[%clk 0:02:22]} 54. Bb6 {[%clk 0:09:12]}
Ke5 {[%clk 0:02:12]} 55. Bc7+ {[%clk 0:09:16]} Ke6 {[%clk 0:02:30]} 56. Rd3
{[%clk 0:08:53]} Rc2 {[%clk 0:02:10]} 57. Bb6 {[%clk 0:08:43]} Rc3 {[%clk
0:02:27]} 58. Rd1 {[%clk 0:07:45]} d3 {[%clk 0:02:45]} 59. Kf2 {[%clk 0:05:50]}
Rc2+ {[%clk 0:02:26]} 60. Kf1 {[%clk 0:06:01]} d2 {[%clk 0:02:22]} 61. Be3 {[%clk
0:05:02]} 1/2-1/2

[Event "Girls U14 Polish Youth Championship"]
[Site "chess24.com"]
[Date "2018.04.29"]
[Round "1"]
[White "Marcinczyk, Monika"]
[Black "Wawrzyniak, Weronika"]
[Result "0-1"]
[Board "4"]
[WhiteElo "1804"]
[WhiteTitle "WCM"]
[WhiteCountry "POL"]
[WhiteFideId "1192051"]
[WhiteEloChange "-18"]
[BlackElo "1377"]
[BlackCountry "POL"]
[BlackFideId "21817596"]
[BlackEloChange "18"]

1. e4 {[%clk 1:30:58]} c5 {[%clk 1:30:49]} 2. Nf3 {[%clk 1:31:04]} d6 {[%clk
1:30:56]} 3. d4 {[%clk 1:30:22]} cxd4 {[%clk 1:30:57]} 4. Nxd4 {[%clk 1:30:45]}
Nf6 {[%clk 1:30:31]} 5. Nc3 {[%clk 1:30:58]} a6 {[%clk 1:30:46]} 6. Be2 {[%clk
1:22:00]} e5 {[%clk 1:28:56]} 7. Nf3 {[%clk 1:17:59]} Be7 {[%clk 1:24:39]} 8. a4
{[%clk 1:10:37]} O-O {[%clk 1:21:34]} 9. Bc4 {[%clk 1:00:49]} Be6 {[%clk
1:19:10]} 10. Bxe6 {[%clk 0:42:24]} fxe6 {[%clk 1:19:21]} 11. O-O {[%clk
0:41:28]} h6 {[%clk 1:13:43]} 12. Qe2 {[%clk 0:39:24]} Qc7 {[%clk 1:11:18]} 13.
Rd1 {[%clk 0:37:37]} Nbd7 {[%clk 1:08:58]} 14. h3 {[%clk 0:30:30]} Rac8 {[%clk
1:03:43]} 15. Be3 {[%clk 0:28:36]} Nb6 {[%clk 0:57:44]} 16. Bxb6 {[%clk 0:16:58]}
Qxb6 {[%clk 0:58:04]} 17. Ra3 {[%clk 0:15:27]} Qc7 {[%clk 0:54:22]} 18. Rb3
{[%clk 0:15:07]} Nd7 {[%clk 0:47:45]} 19. Na2 {[%clk 0:09:33]} b6 {[%clk
0:39:32]} 20. Ne1 {[%clk 0:05:19]} Nc5 {[%clk 0:35:22]} 21. Rc3 {[%clk 0:04:36]}
Qb7 {[%clk 0:35:11]} 22. f3 {[%clk 0:01:00]} Nxa4 {[%clk 0:32:14]} 23. Rb3 {[%clk
0:01:01]} Nc5 {[%clk 0:32:02]} 24. Ra3 {[%clk 0:00:53]} b5 {[%clk 0:31:23]} 25.
Nb4 {[%clk 0:00:55]} Na4 {[%clk 0:28:24]} 26. c3 {time[%clk 0:00:55]} 0-1

[Event "Girls U14 Polish Youth Championship"]
[Site "chess24.com"]
[Date "2018.04.29"]
[Round "1"]
[White "Matyjasek, Michalina"]
[Black "Goraj, Barbara"]
[Result "0-1"]
[Board "5"]
[WhiteElo "1361"]
[WhiteCountry "POL"]
[WhiteFideId "21816743"]
[WhiteEloChange "-2"]
[BlackElo "1784"]
[BlackCountry "POL"]
[BlackFideId "21816166"]
[BlackEloChange "2"]

1. d4 {[%clk 1:30:57]} Nf6 {[%clk 1:30:48]} 2. Nf3 {[%clk 1:31:14]} g6 {[%clk
1:30:57]} 3. Bf4 {[%clk 1:31:28]} Bg7 {[%clk 1:30:36]} 4. e3 {[%clk 1:31:34]} O-O
{[%clk 1:26:52]} 5. Be2 {[%clk 1:31:24]} d6 {[%clk 1:26:21]} 6. h3 {[%clk
1:31:25]} Nbd7 {[%clk 1:23:50]} 7. O-O {[%clk 1:31:27]} c5 {[%clk 1:15:37]} 8. c3
{[%clk 1:29:38]} cxd4 {[%clk 1:04:48]} 9. cxd4 {[%clk 1:27:20]} Nd5 {[%clk
1:02:06]} 10. Bh2 {[%clk 1:26:16]} Qb6 {[%clk 1:00:57]} 11. Nbd2 {[%clk 1:14:57]}
N7f6 {[%clk 0:43:29]} 12. Nc4 {[%clk 1:00:28]} Qd8 {[%clk 0:41:13]} 13. a4 {[%clk
0:57:26]} b6 {[%clk 0:37:08]} 14. Ncd2 {[%clk 0:49:07]} Bb7 {[%clk 0:31:44]} 15.
Rc1 {[%clk 0:46:52]} Nb4 {[%clk 0:29:29]} 16. Qb3 {[%clk 0:40:42]} a5 {[%clk
0:25:50]} 17. Rfd1 {[%clk 0:38:34]} Bd5 {[%clk 0:23:32]} 18. Bc4 {[%clk 0:36:40]}
Bc6 {[%clk 0:20:36]} 19. Be2 {[%clk 0:30:26]} Qd7 {[%clk 0:18:26]} 20. Ra1 {[%clk
0:28:34]} h6 {[%clk 0:10:52]} 21. Ne1 {[%clk 0:20:44]} Ne8 {[%clk 0:06:36]} 22.
Nd3 {[%clk 0:19:56]} Bd5 {[%clk 0:05:54]} 23. Nc4 {[%clk 0:19:33]} Rb8 {[%clk
0:02:57]} 24. Nxb4 {[%clk 0:16:47]} axb4 {[%clk 0:03:21]} 25. Qxb4 {[%clk
0:17:01]} Qb7 {[%clk 0:03:30]} 26. Bf1 {[%clk 0:16:12]} Nc7 {[%clk 0:03:33]} 27.
Rdc1 {[%clk 0:14:45]} Na6 {[%clk 0:03:11]} 28. Qa3 {[%clk 0:14:23]} Ra8 {[%clk
0:03:06]} 29. Qb3 {[%clk 0:12:54]} Rfb8 {[%clk 0:03:05]} 30. Qd3 {[%clk 0:12:27]}
Be4 {[%clk 0:03:15]} 31. Qe2 {[%clk 0:12:15]} Qd7 {[%clk 0:02:51]} 32. a5 {[%clk
0:11:40]} bxa5 {[%clk 0:03:01]} 33. Rxa5 {[%clk 0:11:18]} Rb3 {[%clk 0:02:37]}
34. Qd1 {[%clk 0:10:11]} Qb7 {[%clk 0:02:28]} 35. Nd2 {[%clk 0:09:28]} Rb6 {[%clk
0:02:53]} 36. Qa4 {[%clk 0:08:03]} Bc6 {[%clk 0:02:54]} 37. Qa3 {[%clk 0:06:46]}
Rxb2 {[%clk 0:02:00]} 38. Bxa6 {[%clk 0:06:09]} Rxa6 {[%clk 0:02:14]} 39. Rxa6
{[%clk 0:04:54]} Rxd2 {[%clk 0:02:39]} 40. Raxc6 {[%clk 0:05:01]} Qxc6 {[%clk
0:02:54]} 41. Rb1 {[%clk 0:04:22]} Qc2 {[%clk 0:02:43]} 42. Qc1 {[%clk 0:02:29]}
Rxf2 {[%clk 0:02:49]} 43. Qxc2 {[%clk 0:01:57]} Rxc2 {[%clk 0:03:13]} 44. Kf1
{[%clk 0:01:43]} Bf6 {[%clk 0:03:27]} 45. Rb6 {[%clk 0:01:36]} Bg5 {[%clk
0:03:30]} 46. Rb3 {[%clk 0:01:37]} Rd2 {[%clk 0:03:24]} 47. Bg1 {[%clk 0:01:21]}
Rd1+ {[%clk 0:03:42]} 48. Kf2 {[%clk 0:01:41]} Bh4+ {[%clk 0:04:02]} 49. g3
{[%clk 0:02:07]} Bxg3+ {[%clk 0:04:22]} 50. Kxg3 {[%clk 0:02:35]} Rxg1+ {[%clk
0:04:43]} 51. Kf3 {[%clk 0:02:50]} Kg7 {[%clk 0:04:49]} 52. d5 {[%clk 0:01:38]}
Rh1 {[%clk 0:04:15]} 53. Kg2 {[%clk 0:01:57]} Rd1 {[%clk 0:04:22]} 54. e4 {[%clk
0:02:16]} g5 {[%clk 0:03:09]} 55. Kg3 {[%clk 0:01:10]} Kg6 {[%clk 0:03:00]} 56.
Kf3 {[%clk 0:01:08]} Re1 {[%clk 0:02:33]} 57. Rb4 {[%clk 0:01:02]} h5 {[%clk
0:01:46]} 58. Kg3 {[%clk 0:00:53]} Re3+ {[%clk 0:01:44]} 59. Kg2 {[%clk 0:01:17]}
Kf6 {[%clk 0:02:06]} 60. Kh2 {[%clk 0:01:11]} Ke5 {[%clk 0:02:23]} 61. Rb5 {[%clk
0:01:13]} Kxe4 {[%clk 0:02:14]} 62. Kg2 {[%clk 0:01:06]} f5 {[%clk 0:01:57]} 63.
Ra5 {[%clk 0:01:04]} f4 {[%clk 0:01:56]} 64. Ra4+ {[%clk 0:01:27]} Ke5 {[%clk
0:02:12]} 65. Ra2 {[%clk 0:01:49]} g4 {[%clk 0:02:01]} 66. hxg4 {[%clk 0:02:06]}
hxg4 {[%clk 0:02:25]} 67. Rb2 {[%clk 0:02:27]} Kxd5 {[%clk 0:02:40]} 68. Ra2
{[%clk 0:02:41]} e5 {[%clk 0:02:59]} 69. Ra5+ {[%clk 0:02:57]} Ke4 {[%clk
0:03:22]} 70. Ra4+ {[%clk 0:03:21]} Kf5 {[%clk 0:03:44]} 71. Ra2 {[%clk 0:03:37]}
d5 {[%clk 0:04:08]} 72. Kf2 {[%clk 0:03:42]} Rh3 {[%clk 0:04:22]} 73. Kg2 {[%clk
0:04:05]} f3+ {[%clk 0:04:44]} 74. Kg1 {[%clk 0:04:23]} d4 {[%clk 0:05:04]} 75.
Rd2 {[%clk 0:04:41]} Ke4 {[%clk 0:05:13]} 76. Rd1 {[%clk 0:04:16]} d3 {[%clk
0:05:26]} 77. Rd2 {[%clk 0:04:22]} Rh8 {[%clk 0:05:35]} 78. Rb2 {[%clk 0:03:20]}
g3 {[%clk 0:05:53]} 79. Rd2 {[%clk 0:03:41]} Rb8 {[%clk 0:06:14]} 80. Rd1 {[%clk
0:04:02]} d2 {[%clk 0:06:36]} 81. Kf1 {[%clk 0:04:22]} Rc8 {[%clk 0:06:47]} 82.
Kg1 {[%clk 0:04:45]} Rc1 {[%clk 0:07:09]} 83. Rxc1 {[%clk 0:05:12]} dxc1Q# {[%clk
0:07:26]} 0-1

[Event "Girls U14 Polish Youth Championship"]
[Site "chess24.com"]
[Date "2018.04.29"]
[Round "1"]
[White "Zarebska, Lena"]
[Black "Sloniewska, Alicja"]
[Result "1-0"]
[Board "6"]
[WhiteElo "1754"]
[WhiteCountry "POL"]
[WhiteFideId "21807698"]
[WhiteEloChange "2"]
[BlackElo "1360"]
[BlackCountry "POL"]
[BlackFideId "21823359"]
[BlackEloChange "-2"]

1. e4 {[%clk 1:30:57]} c6 {[%clk 1:30:27]} 2. d4 {[%clk 1:31:19]} d5 {[%clk
1:30:20]} 3. e5 {[%clk 1:31:41]} Bf5 {[%clk 1:29:54]} 4. Nc3 {[%clk 1:31:43]} e6
{[%clk 1:29:40]} 5. g4 {[%clk 1:31:32]} Bg6 {[%clk 1:29:08]} 6. Nge2 {[%clk
1:31:33]} c5 {[%clk 1:28:42]} 7. Be3 {[%clk 1:21:32]} Nc6 {[%clk 1:27:46]} 8. Nf4
{[%clk 1:12:41]} Qb6 {[%clk 1:23:55]} 9. Nxg6 {[%clk 1:11:20]} hxg6 {[%clk
1:24:02]} 10. Bb5 {[%clk 1:06:39]} cxd4 {[%clk 1:19:28]} 11. Bxd4 {[%clk
1:06:29]} Bc5 {[%clk 1:18:42]} 12. Bxc6+ {[%clk 1:02:57]} bxc6 {[%clk 1:16:50]}
13. Na4 {[%clk 0:58:28]} Qa5+ {[%clk 1:15:30]} 14. c3 {[%clk 0:54:24]} Be7 {[%clk
1:09:35]} 15. O-O {[%clk 0:32:11]} Nh6 {[%clk 1:07:17]} 16. b4 {[%clk 0:30:07]}
Qb5 {[%clk 1:05:43]} 17. Nc5 {[%clk 0:29:01]} Qb8 {[%clk 1:01:06]} 18. Qa4 {[%clk
0:27:21]} Qc7 {[%clk 0:59:55]} 19. h3 {[%clk 0:27:20]} Rc8 {[%clk 0:51:14]} 20.
Na6 {[%clk 0:21:42]} Qb7 {[%clk 0:47:55]} 21. Rab1 {[%clk 0:21:00]} Qb5 {[%clk
0:40:55]} 22. Qxb5 {[%clk 0:19:53]} cxb5 {[%clk 0:40:57]} 23. a4 {[%clk 0:19:35]}
bxa4 {[%clk 0:37:33]} 24. Ra1 {[%clk 0:19:59]} f6 {[%clk 0:36:12]} 25. Rfe1
{[%clk 0:19:22]} f5 {[%clk 0:34:13]} 26. f3 {[%clk 0:19:16]} Nf7 {[%clk 0:33:42]}
27. Kg2 {[%clk 0:17:35]} Ng5 {[%clk 0:32:40]} 28. Rh1 {[%clk 0:17:37]} Kf7 {[%clk
0:30:21]} 29. h4 {[%clk 0:17:00]} Nh7 {[%clk 0:29:44]} 30. g5 {[%clk 0:17:06]}
Rc6 {[%clk 0:26:19]} 31. Rxa4 {[%clk 0:17:14]} Ra8 {[%clk 0:22:27]} 32. Rha1
{[%clk 0:16:43]} Bd8 {[%clk 0:19:16]} 33. b5 {[%clk 0:13:58]} Rcc8 {[%clk
0:16:46]} 34. Nb4 {[%clk 0:14:05]} Be7 {[%clk 0:14:37]} 35. Rxa7 {[%clk 0:13:44]}
Rxa7 {[%clk 0:14:29]} 36. Rxa7 {[%clk 0:14:09]} Kf8 {[%clk 0:14:26]} 37. Nc6
{[%clk 0:13:48]} Bd8 {[%clk 0:14:23]} 38. Nxd8 {[%clk 0:13:39]} Rxd8 {[%clk
0:14:33]} 39. Bc5+ {[%clk 0:14:04]} Ke8 {[%clk 0:14:31]} 40. Re7+ {[%clk
0:14:00]} Kf8 {[%clk 0:14:41]} 41. b6 {[%clk 0:13:35]} Kg8 {[%clk 0:14:57]} 42.
b7 {[%clk 0:13:05]} Nf8 {[%clk 0:14:50]} 43. Bd6 {[%clk 0:11:59]} 1-0

[Event "Girls U14 Polish Youth Championship"]
[Site "chess24.com"]
[Date "2018.04.29"]
[Round "1"]
[White "Cieslak, Jessica"]
[Black "Adamczyk, Zuzanna"]
[Result "0-1"]
[Board "7"]
[WhiteElo "1357"]
[WhiteCountry "POL"]
[WhiteFideId "21819521"]
[WhiteEloChange "-2"]
[BlackElo "1741"]
[BlackCountry "POL"]
[BlackFideId "1187570"]
[BlackEloChange "2"]

1. d4 {[%clk 1:30:57]} Nf6 {[%clk 1:30:21]} 2. c4 {[%clk 1:30:25]} e6 {[%clk
1:30:06]} 3. Nf3 {[%clk 1:29:39]} b6 {[%clk 1:24:12]} 4. Bf4 {[%clk 1:26:40]}
Bb4+ {[%clk 1:14:52]} 5. Nbd2 {[%clk 1:26:16]} Bb7 {[%clk 1:13:59]} 6. Qb3 {[%clk
1:23:32]} Be7 {[%clk 0:59:50]} 7. e3 {[%clk 1:21:03]} c5 {[%clk 0:51:27]} 8. Bd3
{[%clk 1:16:19]} cxd4 {[%clk 0:46:55]} 9. exd4 {[%clk 1:15:50]} O-O {[%clk
0:45:53]} 10. O-O {[%clk 1:15:25]} Nc6 {[%clk 0:43:40]} 11. Qc2 {[%clk 1:10:16]}
Nb4 {[%clk 0:41:20]} 12. Qc3 {[%clk 1:09:52]} d5 {[%clk 0:36:01]} 13. Be2 {[%clk
1:06:40]} dxc4 {[%clk 0:34:15]} 14. Bxc4 {[%clk 1:04:24]} Nbd5 {[%clk 0:33:19]}
15. Bxd5 {[%clk 1:00:36]} Nxd5 {[%clk 0:31:35]} 0-1

[Event "Girls U14 Polish Youth Championship"]
[Site "chess24.com"]
[Date "2018.04.29"]
[Round "1"]
[White "Kroliczek, Gabriela"]
[Black "Nowak, Roksana"]
[Result "1-0"]
[Board "8"]
[WhiteElo "1729"]
[WhiteCountry "POL"]
[WhiteFideId "21816727"]
[WhiteEloChange "2"]
[BlackElo "1352"]
[BlackCountry "POL"]
[BlackFideId "21847991"]
[BlackEloChange "-2"]

1. e4 {[%clk 1:30:57]} e5 {[%clk 1:30:55]} 2. Nf3 {[%clk 1:31:24]} Nc6 {[%clk
1:31:18]} 3. Bc4 {[%clk 1:31:50]} Bc5 {[%clk 1:31:43]} 4. c3 {[%clk 1:32:17]} Qe7
{[%clk 1:31:36]} 5. d3 {[%clk 1:32:24]} d6 {[%clk 1:31:48]} 6. Nbd2 {[%clk
1:32:46]} Nf6 {[%clk 1:31:56]} 7. h3 {[%clk 1:32:24]} O-O {[%clk 1:32:04]} 8. Nf1
{[%clk 1:32:29]} h6 {[%clk 1:31:46]} 9. Rg1 {[%clk 1:29:53]} Rd8 {[%clk 1:13:11]}
10. Qe2 {[%clk 1:23:46]} Bb6 {[%clk 1:11:16]} 11. Bb3 {[%clk 1:21:47]} Be6 {[%clk
1:10:33]} 12. Bc2 {[%clk 1:17:34]} Nh7 {[%clk 1:07:47]} 13. g4 {[%clk 1:17:00]}
g5 {[%clk 1:05:29]} 14. Ng3 {[%clk 1:17:05]} Rac8 {[%clk 0:57:39]} 15. Nf5 {[%clk
1:14:48]} Bxf5 {[%clk 0:57:15]} 16. gxf5 {[%clk 1:15:05]} f6 {[%clk 0:55:14]} 17.
Nh2 {[%clk 1:14:54]} Kg7 {[%clk 0:54:07]} 18. h4 {[%clk 0:59:56]} Na5 {[%clk
0:47:24]} 19. b4 {[%clk 0:54:56]} Nc6 {[%clk 0:44:49]} 20. Bb3 {[%clk 0:49:11]}
Ra8 {[%clk 0:44:46]} 21. Qh5 {[%clk 0:48:34]} Qe8 {[%clk 0:43:32]} 22. Qg4 {[%clk
0:38:45]} a5 {[%clk 0:43:39]} 23. bxa5 {[%clk 0:39:11]} Bxa5 {[%clk 0:42:48]} 24.
Bd2 {[%clk 0:39:11]} Bb6 {[%clk 0:42:44]} 25. hxg5 {[%clk 0:38:53]} hxg5 {[%clk
0:37:52]} 26. Qh3 {[%clk 0:35:47]} Qh8 {[%clk 0:34:06]} 27. Ng4 {[%clk 0:35:56]}
Nf8 {[%clk 0:34:06]} 28. Qg2 {[%clk 0:35:56]} Nd7 {[%clk 0:30:03]} 29. Rh1 {[%clk
0:35:46]} Qf8 {[%clk 0:30:03]} 30. Rh7+ {[%clk 0:35:08]} Kxh7 {[%clk 0:29:14]}
31. Qh3+ {[%clk 0:35:08]} Kg7 {[%clk 0:28:26]} 32. Qh6# {[%clk 0:36:00]} 1-0